Introducing the futures of South Asia.
Séria článkov o budúcnosti regiónu a jednotlivých krajín Južnej Ázie (Bangladéš, Himalájsky región, Pakistan, India) - úvahy o budúcom politickom a ekonomickom rozvoji s ohľadom na súčasný vývoj. Postavenie tohto regiónu vo svete - ekonomické dopady. Medzinárodná spolupráca.
Gespeichert in:
| 1. Verfasser: | |
|---|---|
| Format: | Buchkapitel |
| Sprache: | Englisch |
| Schlagworte: | |
| Tags: |
Keine Tags, Fügen Sie das erste Tag hinzu!
|
MARC
| LEADER | 00000naa a2200000 4500 | ||
|---|---|---|---|
| 001 | r011515 | ||
| 005 | 20221213084941.6 | ||
| 041 | 0 | |a eng | |
| 044 | |a GB | ||
| 245 | 1 | 0 | |a Introducing the futures of South Asia. |c S. Inayatuliah |
| 520 | |a Séria článkov o budúcnosti regiónu a jednotlivých krajín Južnej Ázie (Bangladéš, Himalájsky región, Pakistan, India) - úvahy o budúcom politickom a ekonomickom rozvoji s ohľadom na súčasný vývoj. Postavenie tohto regiónu vo svete - ekonomické dopady. Medzinárodná spolupráca. | ||
| 610 | 2 | 0 | |a rozvoj hospodársky |
| 610 | 2 | 0 | |a politika svetová |
| 610 | 2 | 0 | |a politika |
| 610 | 2 | 0 | |a spolupráca hospodárska medzinárodná |
| 610 | 2 | 0 | |a rozvoj sociálny |
| 610 | 2 | 0 | |a južná Ázia |
| 610 | 2 | 0 | |a Bangladéš |
| 610 | 2 | 0 | |a Himalájsky región |
| 610 | 2 | 0 | |a Pakistan |
| 610 | 2 | 0 | |a India |
| 100 | 1 | |a Inayatuliah, S. | |